| 000 | 00737nam a2200241 i 4500 | ||
|---|---|---|---|
| 001 | 140723 | ||
| 003 | ES-MaACL | ||
| 005 | 20250824031327.0 | ||
| 007 | t| | ||
| 008 | 070917s1983 fr ||||1| fre d | ||
| 020 | _a2-264-00554-8 | ||
| 080 | _a792(44)"17" | ||
| 100 | 1 |
_aLurcel, Dominique. _974843 |
|
| 245 | 1 | 3 |
_aLe théâtre de la foire au XVIIIe siècle / _cpar Dominique Lurcel. |
| 260 |
_aParis : _bUnion Générale d'Editions, _c[1983] |
||
| 300 |
_a477 p. ; _c18 cm. |
||
| 490 | 1 |
_a10/18 ; _v1597 |
|
| 500 | _aBiblioteca Jacinto Martínez Lacalle. | ||
| 650 | 1 | 4 |
_aTeatro- _zFrancia- _yS.XVIII _917309 |
| 830 | 0 |
_a10/18 _v1597 _9187194 |
|
| 852 |
_aES-MaACL _jE-12149 _bR.140039 |
||
| 999 |
_c140723 _d140723 |
||